00654nam a2200157Ia 4500008004100000082001200041100001900053245003200072260003900104300000800143650002500151942001200176999001500188952014700203952014600350191201s2019 xx 000 0 und d a420 GUP aGUPTA, Rajhans 0aProfessional Communications bPargati PrakashanaNew Delhic2019 a128 aCommunication Skills 2ddccBK c8397d8397 00102ddc40708DPaPIETbPIETd2019-03-26eKirti Prakashang200.00kIN 3253l0o420 GUPpDP742r2019-12-04 00:00:00v148.00w2019-03-18yREF 00102ddc40708DPaPIETbPIETd2019-03-26eKirti Prakashang200.00kIN 3253l0o420 GUPpDP743r2019-12-04 00:00:00v148.00w2019-03-18yBK